|
|
|
|
| LEADER |
01717nam a2200397 i 4500 |
| 001 |
EBC5720120 |
| 003 |
MiAaPQ |
| 005 |
20200520144314.0 |
| 006 |
m o d | |
| 007 |
cr cnu|||||||| |
| 008 |
190321s2018 gw o 000 0 ger d |
| 020 |
|
|
|z 9783847421351
|
| 020 |
|
|
|a 9783847411260 (e-book)
|
| 035 |
|
|
|a (MiAaPQ)EBC5720120
|
| 035 |
|
|
|a (Au-PeEL)EBL5720120
|
| 035 |
|
|
|a (OCoLC)1089613165
|
| 040 |
|
|
|a MiAaPQ
|b eng
|e rda
|e pn
|c MiAaPQ
|d MiAaPQ
|
| 050 |
|
4 |
|a HV40
|b .S695 2018
|
| 082 |
0 |
|
|a 361.32
|2 23
|
| 245 |
0 |
0 |
|a Soziale Arbeit und soziale Frage(n) /
|c Sara-Friederike Blumenthal, Karin Lauermann, Stephan Sting (Hrsg.).
|
| 264 |
|
1 |
|a Opladen ;
|a Toronto ;
|a Berlin :
|b Verlag Barbara Budrich,
|c 2018.
|
| 300 |
|
|
|a 1 online resource (349 pages).
|
| 336 |
|
|
|a text
|b txt
|2 rdacontent
|
| 337 |
|
|
|a computer
|b c
|2 rdamedia
|
| 338 |
|
|
|a online resource
|b cr
|2 rdacarrier
|
| 490 |
0 |
|
|a Schriftenreihe der OFEB-Sektion Sozialpadagogik ;
|v Band 1
|
| 588 |
|
|
|a Description based on print version record.
|
| 590 |
|
|
|a Electronic reproduction. Ann Arbor, MI : ProQuest, 2018. Available via World Wide Web. Access may be limited to ProQuest affiliated libraries.
|
| 650 |
|
0 |
|a Social service.
|
| 655 |
|
4 |
|a Electronic books.
|
| 700 |
1 |
|
|a Blumenthal, Sara-Friederike,
|e editor.
|
| 700 |
1 |
|
|a Lauermann, Karin,
|e editor.
|
| 700 |
1 |
|
|a Sting, Stephan,
|e editor.
|
| 776 |
0 |
8 |
|i Print version:
|t Soziale Arbeit und soziale Frage(n).
|d Opladen ; Berlin ; Toronto : Verlag Barbara Budrich, 2018
|h 349 pages
|k Schriftenreihe der OFEB-Sektion Sozialpadagogik, Band 1
|z 9783847421351
|
| 797 |
2 |
|
|a ProQuest (Firm)
|
| 856 |
4 |
0 |
|u https://ebookcentral.proquest.com/lib/matrademy/detail.action?docID=5720120
|z Click to View
|